| 000 | 00446nam a2200133Ia 4500 | ||
|---|---|---|---|
| 008 | 170221s9999 xx 000 0 und d | ||
| 100 | _aMaryna Koberidze | ||
| 245 | _aDoes the Mechanical License Provision of the Copyright Act Violate the Copyright Clause? | ||
| 245 | _cMaryna Koberidze | ||
| 260 | _c2014 | ||
| 300 | _a4 : | ||
| 650 | _xBusiness | ||
| 856 | _uhttp://digitalcommons.pepperdine.edu/cgi/viewcontent.cgi?article=1146&context=jbel | ||
| 999 |
_c313265 _d313265 |
||